| 000 | 00798cab a2200265 4500 | ||
|---|---|---|---|
| 001 | WB3127-06 | ||
| 008 | 090401t1995 xxu||||| |||| 00| 0 eng d | ||
| 035 | _a(Sirsi) u28816 | ||
| 041 | _aeng | ||
| 245 | _aRegional office markets | ||
| 260 | _c1995 | ||
| 350 | _a0 | ||
| 490 |
_aProperty Week _v51(8) 13 July 1995, 10(1) |
||
| 520 | _aSt Quintin reports that Manchester has the strongest regional office market, ahead of Leeds and Glasgow. | ||
| 650 | _aBIRMINGHAM | ||
| 650 | _aBRISTOL | ||
| 650 | _aEDINBURGH | ||
| 650 | _aPROPERTY-COMMERCIAL PROPERTY-OFFICE PROPERTY-OFFICE PROPERTY MARKET | ||
| 650 | _aRANKINGS | ||
| 650 | _aREGIONAL CENTRES | ||
| 650 | _aREGIONS | ||
| 690 | _aPROPERTY-COMMERCIAL PROPERTY-COMMERCIAL PROPERTY MARKET | ||
| 942 | _n0 | ||
| 948 | _c04/03/1997 | ||
| 999 |
_c19384 _d19384 |
||